| 000 | 01064cam a2200373 4500 | ||
|---|---|---|---|
| 008 | 090401t1994 xxu||||| |||| 00| 0 eng d | ||
| 020 | _a0632020849 | ||
| 035 | _a(Sirsi) u36439 | ||
| 041 | _aeng | ||
| 050 | _a692.8 | ||
| 100 | _aChappell, David | ||
| 245 | _aBuilding sub-contract documentation | ||
| 260 |
_aOxford _bBlackwell Scientific _c1994 |
||
| 300 | _aix, 303p. ; 24cm. | ||
| 350 | _a29.95 | ||
| 650 | _aMANAGEMENT-DISPUTE AVOIDANCE, MANAGEMENT AND RESOLUTION-DISPUTE MANAGEMENT AND RESOLUTION-ARBITRATION | ||
| 650 | _aBUILT ENVIRONMENT-BUILDING CONTRACT FORMS | ||
| 650 | _aCERTIFICATES | ||
| 650 | _aCLAIMS | ||
| 650 | _aDEFECTS LIABILITY | ||
| 650 | _aDELAYS | ||
| 650 | _aDISPUTES | ||
| 650 | _aEXTENSIONS OF TIME | ||
| 650 | _aNAMED PERSONS | ||
| 650 | _aNOMINATED SUBCONTRACTORS | ||
| 650 | _aPAYMENT | ||
| 650 | _aSUBCONTRACTORS | ||
| 650 | _aSUBCONTRACTS | ||
| 650 | _aTENDERS | ||
| 690 | _aBUILT ENVIRONMENT-BUILDING CONTRACT FORMS | ||
| 700 | _aPowell-Smith, Vincent | ||
| 942 | _n0 | ||
| 948 | _c04/03/1997 | ||
| 999 |
_c90283 _d90283 |
||